NBA 2018-19 Players By Letter - E - Statistics

General Stats
  • This quiz has been taken 49 times
  • The average score is 4 of 10
Answer Stats
Player Pos Tm % Correct
Joel Embiid C PHI
78%
Jacob Evans SG GSW
44%
Jawun Evans PG PHO
44%
Tyreke Evans SG IND
44%
Wayne Ellington SG MIA
36%
James Ennis SF HOU
33%
Henry Ellenson PF DET
31%
Dante Exum PG UTA
27%
Vince Edwards SF HOU
27%
Drew Eubanks PF SAS
7%
No matching quizzes found
Score Distribution
Percent of People with Each Score
Percentile by Number Answered
Your Score History
You have not taken this quiz